| 000 | 00296nam a22000977a 4500 | ||
|---|---|---|---|
| 008 | 131105b xxu||||| |||| 00| 0 eng d | ||
| 020 |
_a3540662707 _cAvailable |
||
| 245 |
_aBoundary Layer Theory _cK Gersten H. Schlichting |
||
| 250 | _a8th Revised and Enlarged Edition | ||
| 260 |
_aNew York _bSpringer _c2000 |
||
| 999 |
_c23508 _d23508 |
||